000 00325nam a22001217a 4500
008 230619b xxu||||| |||| 00| 0 eng d
082 _a004
_bKTC
110 _bKenyatoday Consultants
245 _aInformation Communication Technology For Members of Parliament
260 _aNairobi
_c2006
300 _a166p
942 _2ddc
_cBK
999 _c1203
_d1203